| 000 | 01071cab a2200217 4500 | ||
|---|---|---|---|
| 001 | X77352 | ||
| 008 | 090401t1997 xxu||||| |||| 00| 0 eng d | ||
| 035 | _a(Sirsi) u77352 | ||
| 041 | _aeng | ||
| 245 | _aTrustees for the Proprietors of Halistra Common Grazings v Lambert | ||
| 260 | _c1997 | ||
| 350 | _a0 | ||
| 490 |
_aScots Law Times _v1997 SLT(Land Ct)7-13(7) |
||
| 520 | _aScottish Land Court. Lord Philip, D D McDiarmid, J Kinloch. 30 May 1996.Landlord and tenant - croft - common grazings - apportionment - validity - apportionment to owner-occupiers with rights of grazings - no crofters with shares in common grazing - nature of rights in common grazings following purchase by crofters of crofts with parts, privileges and pertinents - validity of relet of common grazings to owner-occupiers - whether entitled to apportionment - Crofters (Scotland) Act 1993. | ||
| 650 | _aCOMMON GRAZINGS | ||
| 650 | _aCROFTERS (SCOTLAND) ACT 1993 | ||
| 650 | _aCROFTING | ||
| 690 | _aLANDLORD AND TENANT-AGRICULTURAL TENANCIES | ||
| 942 | _n0 | ||
| 948 | _c25/03/1997 | ||
| 999 |
_c48631 _d48631 |
||